Statistics for FBS College Teams w/Color in Team Name

Click here to take the quiz!

General Stats

  • This quiz has been taken 183 times
    (169 since last reset)
  • The average score is 16 of 20

Answer Stats

HintAnswer% Correct
AlabamaCrimson Tide
100%
DukeBlue Devils
97%
CaliforniaGolden Bears
95%
SyracuseOrange
95%
MinnesotaGolden Gophers
94%
StanfordCardinal
91%
Georgia TechYellow Jackets
91%
RutgersScarlet Knights
90%
ArmyBlack Knights
89%
Texas TechRed Raiders
89%
TulaneGreen Wave
87%
North TexasMean Green
83%
Miami (OH)Red Hawks
75%
Southern MississippiGolden Eagles
74%
Central FloridaGolden Knights
73%
Middle TennesseeBlue Raiders
72%
TulsaGolden Hurricane
71%
Arkansas StateRed Wolves
69%
Kent StateGolden Flashes
67%
Florida InternationalGolden Panthers
49%

Score Distribution

Percentile by Number Answered

Percent of People with Each Score

Your Score History

You have not taken this quiz since the last reset